Online Catalogue and eLibrary

Sanskruthiya samajaya ha parisaraya (Record no. 5085)

MARC details
000 -LEADER
fixed length control field 00511nam a2200169Ia 4500
005 - DATE AND TIME OF LATEST TRANSACTION
control field 20250612014258.0
008 - FIXED-LENGTH DATA ELEMENTS--GENERAL INFORMATION
fixed length control field 240331s9999 xx 000 0 und d
020 ## - INTERNATIONAL STANDARD BOOK NUMBER
ISBN 9559374605
082 ## - DDC Classification
Item Number - Author Mark AMU
Class No. 307
100 ## - MAIN ENTRY--PERSONAL NAME
Personal name Amunugama,S
245 #0 - TITLE STATEMENT
Title Sanskruthiya samajaya ha parisaraya
250 ## - EDITION STATEMENT
Edition statement 5th
260 ## - PUBLICATION, DISTRIBUTION, ETC.
Place of publication, distribution, etc. Colombo
Name of publisher, distributor, etc. Nuwana mathdiya sewa
Date of publication, distribution, etc. 2007
300 ## - PHYSICAL DESCRIPTION
Extent (e.g. Volumes, Pages etc.) 268 p .,
500 ## - GENERAL NOTE
General note A collection of essays based on a Sociological approach to identify Sri Lankan Culture , Society and Environment
942 ## - Koha item type (Biblio)
Koha item type Books in Stacks (Lending)
Holdings
Lost status Damaged status Collection code Home library Current library Shelving location Date acquired Full call number Accession Number Item type
    Lending WERC Library WERC Library Social Science Cupboard 03/31/2024 307 AMU 6181 Books in Stacks (Lending)

© WERC Library